zpět

Detail výsledku týmu

Bartolomějka, Kolín

Datum a čas kvízu

38 Celkem bodů Celkový počet nahraných bodů na tomto kvízu bez doplňovacích otázek.
1. Pořadí na kvízu Konečné umístění týmu na tomto kvízu.

Zaznamenané odpovědi

# Otázka Odpověď Body Výsledky
1. Neustálé zdražování služeb Čes... Zásilkovna 1
2. S délkou těla téměř čtyři cent... o včelu 1
3. Svět módy přišel v úterý o svo... C 1
4. Dva obchodní řetězce ze skupin... Billa, Penny Market 1
5. Kouč Crystal Palace se stal mi... Roy Hodgson 0
6. Cestovatel Miroslav Zikmund os... Tatra 87 0
7. Na začátku své výpravy, dne 8.... Casablanca, Maroko 1
8. Cestovatelé si samozřejmě nemo... Zambezi 0
9. V prvním červencovém týdnu se... Buenos Aires 1
10. Kdo by se chtěl o výpravách ob... ve Zlíně 0